000 00721nam a2200229 a 4500
999 _c3218
_d3218
001 3218
003 BD-JhCC
005 20171112095622.0
008 171111s1985 b ||||| |||| 00| 0 ben d
035 _a(BD-JhCC)
040 _aBD-JhCC
_dBD-JhCC
041 _aben
082 _a323.8
_bCHA 1985
100 _a চৌধুরী, সাঈদ, আবু
245 _aমানবাধিকার /
_cআবু সাঈদ চৌধুরী
260 _aঢাকা :
_bবাংলা একাডেমী,
_c১৯৮৫
300 _a119 p. :
_c20cm.
490 _aSeries in honour of the Martyrs of the Language Movement of Febuary 1952.
650 _aHuman Rights
942 _2ddc
_cBK